| 000 | 00982nam a2200133Ia 4500 | ||
|---|---|---|---|
| 008 | 171212s9999 xx 000 0 und d | ||
| 020 | _a9780833040183 | ||
| 100 | _aJones, Seth G.;Oliker, Olga;Chalk, Peter;Fair, C. Christine;Lal, Rollie;Seth G. Jones, ;Olga Oliker, ;Peter Chalk, ;C. Christine Fair, ;Rollie Lal, | ||
| 245 |
_cJones, Seth G.;Oliker, Olga;Chalk, Peter;Fair, C. Christine;Lal, Rollie;Seth G. Jones, ;Olga Oliker, ;Peter Chalk, ;C. Christine Fair, ;Rollie Lal, _aSecuring Tyrants or Fostering Reform? U.S. Internal Security Assistance to Repressive and Transitioning Regimes |
||
| 260 |
_bRAND Corporation _c2006 |
||
| 650 | _aPolitical Science | ||
| 650 | _aSecurity Assistance Program -- Congresses; Military assistance, American -- El Salvador -- Congresses; Military assistance, American -- Uzbekistan -- Congresses; Military assistance, American -- Afghanistan -- Congresses; Military assistance, American -- | ||
| 856 | _uwww.jstor.org/stable/10.7249/mg550osi | ||
| 999 |
_c352522 _d352522 |
||